02326nam a22003257a 4500952010600000952011700106952010500223952010500328952010400433952010400537952010400641952010400745952010400849999001900953008004100972020005201013020003701065050002001102245015301122260007901275300001801354490003501372500003201407505021101439519019701650650004701847651006001894700003901954942000701993 00103tomo V 4070a23b23d2016-08-19l0oF1210 H57 2006p23 000883r2016-08-19t1 w2016-08-19yLB 00103tomo V4070a23b23d2017-08-17l1oF1210 H57 2006p23 001386r2022-10-04s2022-10-03t2 w2017-08-17yLB 00103tomo V4070a23b23d2017-08-17l0oF1210 H57 2006p23 001387r2017-08-17t3 w2017-08-17yLB 00103tomo V4070a23b23d2017-08-17l0oF1210 H57 2006p23 001388r2017-08-17t4 w2017-08-17yLB 00103tomo V4070a23b23d2018-02-26l0oF1210 H57 2006p23 001601r2018-02-26t5w2018-02-26yLB 00103tomo V4070a23b23d2018-02-26l0oF1210 H57 2006p23 001602r2018-02-26t6w2018-02-26yLB 00103tomo V4070a23b23d2018-02-26l0oF1210 H57 2006p23 001603r2018-02-26t7w2018-02-26yLB 00103tomo V4070a23b23d2018-02-26l0oF1210 H57 2006p23 001604r2018-02-26t8w2018-02-26yLB 00103tomo V4070a23b23d2018-02-26l0oF1210 H57 2006p23 001605r2018-02-26t9w2018-02-26yLB c100692d100692160819s2006 mx ||||| |||| 00| 0 spa d a9789681211059 (Colegio de México : rústico) a97896816814943 (FCE : rústico) 4aF1210bH57 200600aHistoria de la vida cotidiana en Méxicob : Tomo V : volumen 1. Siglo XX. Campo y ciudad tradición y cambioc/ Aurelio de los Reyes, coordinador3 aMéxicob: El Colegio de México ; Fondo de Cultura Económicac, 2006 a465 páginas0 aSección de Obras de Historia aSegunda reimpresión, 20120 aDe barrios y arrabales: entorno, cultura material y quehacer cotidiano (ciudad de México, 1890-1910) La vida campesina durante la revolución: el caso zapatista El espejo de la élite social (1920-1940) aPlan UNAM 2o. Semestre /bEnfermería /cHistoria de la Enfermería en México (1212) / d(23 000883, 23 001386, 23 001387, 23 001388, 23 001601, 23 001602, 23 001603, 23 001604, 23 001605)14aETNOLOGÍAvMÉXICO - CIUDAD DE MÉXICO24aCIUDAD DE MÉXICO (MÉXICO)vVIDA SOCIAL Y COSTUMBRES ade los Reyes, Aurelioecoordinador cLB